000 00650nam a2200217Ia 4500
005 20250508170109.0
008 008 250505s9999 xx 000 0 eng d
020 _a978-1-7881-6336-1
037 _aTextual
040 _aFEDL
_beng
_cFEDL
041 _aeng
_2eng
084 _a330.095 4, RED
_qFEDL
100 _aRedkar Chaitra
_9783009
245 0 _aGandhian engagement with capital: Perspectives of J C Kumarappa
260 _aNew Delhi, India
_bSage
_c2019
300 _axiii, 217p.
365 _aINR
_b750
546 _aGifted by Prof. Namita Ranganathan
942 _cTEXL
_h330.095 4, RED
999 _c1399194
_d1399194